| 000 | 00622nam a2200181Ia 4500 | ||
|---|---|---|---|
| 001 | 62701 | ||
| 008 | 180109n ii |||gr||||Z||||||asm | ||
| 082 | _a891.4109 | ||
| 100 |
_aHazarika, Karabi Deka, _eAuthor. |
||
| 245 | 0 |
_aAsamiya kabi aru kabita _cby Dr Karabi Deka Hazarika _hTextual Documents |
|
| 260 |
_aAssam _bBanalata |
||
| 300 |
_a172p: _c21cm. |
||
| 500 |
_^" _aThis book is a replaced copy of the book titled ""Naliniwala Devi"" by Dr Hemanta Kumar Sharma Borrowed by Monju Devi" |
||
| 653 | _aAssamese | ||
| 653 | _aAsamiya kabi, Asamiya kabita, Kabi aru kabita | ||
| 653 | _aMS-Assamese | ||
| 942 |
_2ddc _cBK |
||
| 999 |
_c63808 _d63808 |
||